LEADER 01106nam a2200277 u 4500 001 000000044646 003 CaOOAMICUS 005 20070226114555.0 008 990504s1996 it u000 u ita u 035 $a10822076 040 $aPUL(R)$bita$dPUL(R) 100 1 $aPasqualucci, Paolo.$0(OLS)http://pul/name/32575 245 10$aIntroduzione alla metafisica dell'Uno /$cPaolo Pasqualucci ; prefazione di Antimo Negri. 260 $aRoma :$bPellicani,$cc1996. 300 $a151 p. ;$c21 cm 490 1 $aLa storia e le idee ;$v2 504 $aBibliografia in nota. 650 4$aMetafisica.$0(OLS)http://pul/subject/433 700 1 $aNegri, Antimo,$d1923-$0(OLS)http://pul/name/5795 830 3$aLa storia e le idee ;$v2.$0(OLS)http://pul/title/59776 850 $aPUL 852 $aPUL$W1$xSL Filosofia 1$y2$m96 I 62$j60050$nBK-PRI$b $qStampati$B60050$CPULBib$Z2$F60050 $H $81 941 1 $a8 961 $aINV: 79629 996 $6245$aIntroduzione alla metafisica dell'Uno$9(OLS)http://pul/title/60178 996 $6260$aRoma :$bPellicani$9(OLS)http://pul/publisher/65827 LEADER 01257nam a2200277 a 4500 001 000000157136 003 CaOOAMICUS 005 20161205153557.0 008 161205s1987 it u000 u lat r 032 $aLibriCat 040 $aPUL$bita 100 1 $aDegórski, Bazyli,$cO.S.P.P.E.$0(OLS)http://pul/name/57509 245 10$aEdizione critica della Vita sancti Pauli primi eremitae di Girolamo / $cRemigiusz Degòrski . 260 $aRoma :$b[s.n.],$c1987. 300 $a79 p. ;$c24 cm. 502 $aEstratto da Tesi -- Institutum Patristicum Augustinianum. Pontificia Universitas Lateranensis. 1987. 504 $aBibliografia in nota a piè pagina. 600 04$aHieronymus,$cs.,$d342/347-419.$0(OLS)http://pul/subject/3532 710 2 $aIstituto patristico Augustinianum.$kTesi.$0(OLS)http://pul/name/82132 850 $aPUL 852 $aPUL$W1$xDP1 Tesi Ist. Augustinianum$y31$mTH AUG 18$j180422$qTesi$B183546$CPULBib$Z2$F183546 $H58662 $82 941 1 $a16 960 $aGirolamo,$cs.,$d342/347-419$93532 996 $6245$aEdizione critica della Vita sancti Pauli primi eremitae di Girolamo / $9(OLS)http://pul/title/196740 996 $6260$aRoma :$b[s.n.]$9(OLS)http://pul/publisher/47958